Todas las canciones de Babasónicos - Estadísticas

Estadísticas generales
  • Esta prueba ha sido intentada 7 veces
    2 desde el último reinicio
  • La puntuación promedio es 18 de 171
Estadísticas de respuestas
Respuesta % Correcto
El Loco
100%
Risa
100%
4 AM
50%
Anubis
50%
Celofán
50%
Cómo eran las cosas
50%
Deléctrico
50%
Desfachatados
50%
En privado
50%
Fizz
50%
Ideas
50%
Ingrediente
50%
Irresponsables
50%
La izquierda de la noche
50%
La lanza
50%
La pregunta
50%
Los burócratas del amor
50%
Mimos son mimos
50%
Muñeco
50%
Muñeco de Haití
50%
Natural
50%
Nosotros
50%
Pobre duende
50%
Pulpito
50%
Putita
50%
Rubí
50%
Soy Rock
50%
Tormento
50%
Un flash
50%
¡Viva Satana!
50%
Yegua
50%
Yoli
50%
Zumba
50%
41' de ocio
0%
Adiós en Pompeya
0%
Aduana de palabras
0%
Árbol Palmera
0%
Ascendiendo
0%
Así se habla
0%
Atomicum
0%
Bardo de estrella
0%
Barranca abajo
0%
Bestia pequeña
0%
Bien
0%
Bye bye
0%
Calmado, matamos al venado
0%
Calmática
0%
Camarín
0%
Canción de la bandera
0%
Capital Afectivo
0%
Capricho
0%
Carismático
0%
Casi
0%
Casualidad
0%
Charada
0%
Chicos en el Pasto
0%
Chisme de zorro
0%
Ciegos por el diezmo
0%
Colgado
0%
Combustible
0%
Convoy
0%
Coralcaraza
0%
Coyarama
0%
Cretino
0%
Cuello rojo
0%
Curtís
0%
Cybernecia
0%
Delnitro
0%
Demonomanía
0%
Desarmate
0%
Deshoras
0%
D-Generación
0%
D-Generation (Trash Mix)
0%
Drag dealer
0%
Egocripta
0%
El Adversario
0%
El baile de Odín
0%
El colmo
0%
El ídolo
0%
El Médium
0%
El Playboy
0%
El pupilo
0%
El Ringo
0%
El shopping
0%
El Sumum
0%
Escamas
0%
Estertor
0%
Esther narcótica
0%
Estoy rabioso
0%
Exámenes
0%
Falsario
0%
Fan de Scorpions
0%
Fiebre Roller
0%
Fiesta popular
0%
Flora y Fauno
0%
Grand Prix
0%
Gratis
0%
Gronchótica
0%
¡Guarda D.P.!
0%
Gustavo show
0%
Humo
0%
Indios
0%
Intro
0%
Koyote
0%
La era del amor-Parte I
0%
La Fox
0%
La puntita
0%
La Roncha
0%
Las demás
0%
Listo
0%
Los Calientes
0%
Luces
0%
Lujo
0%
Madera Ideológica
0%
Malón
0%
Mal viaje
0%
Mareo
0%
Margaritas
0%
Mentira Nórdica
0%
Microdancing
0%
Misericordia
0%
Montañas de Agua
0%
Mutha fucka
0%
Negrita
0%
Once
0%
Orfeo
0%
Paisano
0%
Paradoja
0%
Parafinada
0%
Paraguayana
0%
Parte 1: El sultán
0%
Parte 2: Jaula
0%
Partícula
0%
Passionale
0%
Pasta de hablar
0%
Patinador Sagrado
0%
Pendejo
0%
Perfume casino
0%
Pesadilla biónica del perro biónico
0%
Pijamas
0%
Pistero
0%
Poder Ñandú
0%
Posesión Del Tercer Tipo
0%
Puesto
0%
Run run
0%
Safari Vixen
0%
Sátiro
0%
Seis vírgenes descalzas
0%
Sharon Tate
0%
Sheeba Baby
0%
Sin mi diablo
0%
Sobre la hierba
0%
Solita
0%
Sol Naranja
0%
Somos la pelota
0%
Su ciervo
0%
Su majestad
0%
Suturno
0%
Teóricos
0%
Tóxica
0%
Trans-algo
0%
Tripeando
0%
Umito
0%
Uno tres dos
0%
Un pálpito
0%
Uso
0%
Vacío
0%
Valle de Valium
0%
Viento y Marea
0%
Yo anuncio
0%
Y qué
0%
No se encontraron pruebas coincidentes
Distribución de puntuación
Porcentaje de gente con cada puntuación
Porcentaje por número respondido
Historial de tus puntuaciones
No has intentado esta prueba desde el último reinicio